00608nam a2200169Ia 4500008004100000020001800041041000800059082001600067100002300083245006900106250000600175260006100181300001400242650002600256999001900282952013700301210716s2011 xx 000 0 und d a9780070656659 aeng a658.15 CHAP aChandra, Prasanna. aFinancial management: theory and practice.bTheory and practice. a7 aNew DelhibTata McGraw Hill Publishing Company Ltdc2011 axxix,1124 aManagement Accounting c201348d201348 001040708MBAaAIMITbAIMITd2021-07-16g495.00l1o658.15 CHAPpMBA03914r2026-05-23 00:00:00s2023-06-20v495.00w2021-07-16yBK